000 00481cam a2200193ua 4500
001 470
005 20260515113153.0
008 110406n ii |||gr||||Z||||||eng
040 _cMAIN
082 _a320.5
245 1 _aDegree political theory
_cby Purandar Gogoi
250 _a1st.
260 _aDibrugarh:
_bBanalata,
_c2005.
300 _a486p:
_c30cm.
653 _aPolitical science
653 _aDegree political science
700 _aGogoi, Purandar.,
_eAuthor.
942 _cBK
999 _c412
_d412